Statistics for Countries with the most cats.

Click here to take the quiz!

General Stats

  • This quiz has been taken 99 times
  • The average score is 9 of 10

Answer Stats

#CatsCountry% Correct
2.53,100,000China
97%
1.76,430,000USA
96%
3.12,700,000Russia
93%
5.9,600,000France
92%
7.7,700,000United Kingdom
90%
8.7,700,000Germany
88%
10.7,300,000Japan
83%
6.9,400,000Italy
82%
4.12,466,000Brazil
80%
9.7,350,000Ukraine
55%

Score Distribution

Percentile by Number Answered

Percent of People with Each Score

Your Score History

You have not taken this quiz